000 01031nam a22003137a 4500
001 BR6003855
003 BR-BrBNA
005 20230928083157.0
007 ta
008 230509b bl.||||| |||| 00| 0 por d
040 _aBR-BrBNA
_bpor
_cBiblioteca Nacional de Agricultura
041 _a(Por)
072 _aE70
_b0150
_b/G514
090 _ 0150 BR6003855
100 1 _aPonde Junior, J.
110 1 _aComissao de Financiamento da Producao, Brasilia, DF (Brasil). Depto. de Pesquisas Economicas
_91991
245 1 _aFixacao de precos minimios, arroz. Regioes Centro-Oeste, Sudeste, Sul. Safra 72/73 [Brasil]
260 3 _aBrasilia, DF (Brasil):
_c[nd].
300 _a51 p.
500 _aPublished 1972? Reprint of "Fixacao de Precos Minimos", Regioes Centro-Oeste, Sudeste, Sul. Safra 72/73; 21 illus.
650 _aSAFRA
650 _aARROZ
650 _aPRECO MINIMO
650 _aREGIAO CENTRO-OESTE
650 _aREGIAO SUDESTE
650 _aREGIAO SUL
909 _a202309
_bLucia
_c55
_dLucia Elande
942 _cBK
999 _c11994
_d11994